[Event "65+ World Senior Team Championship"]
[Site "chess24.com"]
[Date "2017.04.30"]
[Round "7"]
[White "Giffard, Nicolas"]
[Black "Titz, Heimo"]
[Result "1-0"]
[Board "3"]
[WhiteElo "2257"]
[WhiteTitle "IM"]
[WhiteCountry "FRA"]
[WhiteFideId "600571"]
[WhiteEloChange "7"]
[BlackElo "2154"]
[BlackTitle "FM"]
[BlackCountry "AUT"]
[BlackFideId "1601520"]
[BlackEloChange "-7"]

1. d4 {[%clk 1:30:46]} Nf6 {[%clk 1:30:51]} 2. c4 {[%clk 1:31:10]} e6 {[%clk
1:31:09]} 3. a3 {[%clk 1:31:30]} d5 {[%clk 1:21:50]} 4. e3 {[%clk 1:30:18]} c5
{[%clk 1:21:09]} 5. dxc5 {[%clk 1:29:26]} Bxc5 {[%clk 1:21:28]} 6. b4 {[%clk
1:29:46]} Be7 {[%clk 1:20:29]} 7. Bb2 {[%clk 1:30:01]} O-O {[%clk 1:19:55]} 8.
Nd2 {[%clk 1:29:30]} a5 {[%clk 1:17:00]} 9. b5 {[%clk 1:29:11]} Nbd7 {[%clk
1:16:03]} 10. Ngf3 {[%clk 1:25:07]} b6 {[%clk 1:11:48]} 11. Be2 {[%clk 1:21:35]}
Bb7 {[%clk 1:12:00]} 12. O-O {[%clk 1:21:54]} Rc8 {[%clk 1:05:03]} 13. Qb1 {[%clk
1:19:48]} Bd6 {[%clk 1:01:48]} 14. Rd1 {[%clk 1:19:12]} Qe7 {[%clk 1:00:23]} 15.
Nd4 {[%clk 1:18:37]} Nc5 {[%clk 0:53:57]} 16. a4 {[%clk 1:17:40]} Rfd8 {[%clk
0:52:47]} 17. Bf3 {[%clk 1:11:13]} Nce4 {[%clk 0:49:32]} 18. cxd5 {[%clk
1:09:09]} Nxd2 {[%clk 0:48:44]} 19. Rxd2 {[%clk 1:09:31]} Nxd5 {[%clk 0:48:53]}
20. Qd1 {[%clk 1:00:06]} Bb4 {[%clk 0:38:58]} 21. Rd3 {[%clk 0:58:01]} Nc3 {[%clk
0:37:26]} 22. Qf1 {[%clk 0:56:39]} Ne4 {[%clk 0:36:42]} 23. Rad1 {[%clk 0:54:50]}
Bc5 {[%clk 0:28:51]} 24. Nc6 {[%clk 0:39:11]} Bxc6 {[%clk 0:28:43]} 25. bxc6
{[%clk 0:39:35]} Nf6 {[%clk 0:24:31]} 26. Rxd8+ {[%clk 0:34:01]} Rxd8 {[%clk
0:24:44]} 27. Rxd8+ {[%clk 0:34:02]} Qxd8 {[%clk 0:25:06]} 28. Qa6 {[%clk
0:32:49]} Bd6 {[%clk 0:24:23]} 29. g3 {[%clk 0:32:52]} Bc7 {[%clk 0:23:56]} 30.
Qc4 {[%clk 0:30:24]} Ne8 {[%clk 0:18:59]} 31. e4 {[%clk 0:28:20]} Nd6 {[%clk
0:13:27]} 32. Qc2 {[%clk 0:28:25]} Qg5 {[%clk 0:11:42]} 33. Be2 {[%clk 0:28:27]}
Qd8 {[%clk 0:11:00]} 34. h4 {[%clk 0:27:39]} Ne8 {[%clk 0:11:19]} 35. Qd3 {[%clk
0:27:35]} Qxd3 {[%clk 0:11:03]} 36. Bxd3 {[%clk 0:27:58]} f6 {[%clk 0:10:19]} 37.
f4 {[%clk 0:27:40]} Nd6 {[%clk 0:09:30]} 38. Kf2 {[%clk 0:27:34]} f5 {[%clk
0:08:34]} 39. e5 {[%clk 0:26:19]} Nc8 {[%clk 0:08:37]} 40. Be2 {[%clk 0:56:12]}
Kf7 {[%clk 0:38:05]} 41. Bf3 {[%clk 0:56:06]} g6 {[%clk 0:37:43]} 42. Ba3 {[%clk
0:55:15]} Ke8 {[%clk 0:37:57]} 43. Ke3 {[%clk 0:55:03]} Bd8 {[%clk 0:34:52]} 44.
Bd6 {[%clk 0:50:22]} Be7 {[%clk 0:35:13]} 45. Bb8 {[%clk 0:50:40]} Bc5+ {[%clk
0:35:10]} 46. Ke2 {[%clk 0:50:22]} Kd8 {[%clk 0:33:57]} 47. h5 {[%clk 0:50:06]}
Ne7 {[%clk 0:32:21]} 48. hxg6 {[%clk 0:46:12]} hxg6 {[%clk 0:32:43]} 49. Bd6
{[%clk 0:45:08]} Nc8 {[%clk 0:32:35]} 50. Bb8 {[%clk 0:43:14]} Ne7 {[%clk
0:32:16]} 51. Kf1 {[%clk 0:41:08]} Kc8 {[%clk 0:28:51]} 52. Bd6 {[%clk 0:41:23]}
Kd8 {[%clk 0:29:04]} 53. Ke2 {[%clk 0:26:11]} Nc8 {[%clk 0:28:53]} 54. Bb8 {[%clk
0:26:32]} Ke7 {[%clk 0:26:08]} 55. Bc7 {[%clk 0:25:30]} Ke8 {[%clk 0:24:44]} 56.
Kd3 {[%clk 0:24:29]} Bf2 {[%clk 0:23:08]} 57. Kc4 {[%clk 0:24:53]} Bxg3 {[%clk
0:22:16]} 58. Kb5 {[%clk 0:25:19]} Bxf4 {[%clk 0:19:49]} 59. Ka6 {[%clk 0:25:42]}
Be3 {[%clk 0:11:10]} 60. Kb7 {[%clk 0:26:01]} Ne7 {[%clk 0:10:43]} 61. Bd6 {[%clk
0:26:24]} Nxc6 {[%clk 0:10:09]} 62. Kxc6 {[%clk 0:26:40]} Kf7 {[%clk 0:10:12]}
63. Kd7 {[%clk 0:26:57]} g5 {[%clk 0:07:24]} 64. Bh5+ {[%clk 0:27:07]} Kg7 {[%clk
0:07:53]} 65. Kxe6 {[%clk 0:27:27]} Kh6 {[%clk 0:07:48]} 66. Be2 {[%clk 0:27:42]}
f4 {[%clk 0:07:17]} 67. Kf5 {[%clk 0:28:00]} Kg7 {[%clk 0:06:42]} 68. Bf3 {[%clk
0:28:20]} Kf7 {[%clk 0:06:12]} 69. Bd5+ {[%clk 0:28:37]} Ke8 {[%clk 0:06:37]} 70.
Bc6+ {[%clk 0:29:01]} Kd8 {[%clk 0:05:47]} 71. e6 {[%clk 0:29:26]} 1-0

[Event "65+ World Senior Team Championship"]
[Site "chess24.com"]
[Date "2017.04.30"]
[Round "7"]
[White "Ager, Josef"]
[Black "Letzelter, Jean-Claude"]
[Result "1-0"]
[Board "4"]
[WhiteElo "2132"]
[WhiteCountry "AUT"]
[WhiteFideId "1607138"]
[WhiteEloChange "10"]
[BlackElo "2134"]
[BlackTitle "FM"]
[BlackCountry "FRA"]
[BlackFideId "600652"]
[BlackEloChange "-10"]

1. Nf3 {[%clk 1:30:58]} d5 {[%clk 1:30:56]} 2. g3 {[%clk 1:31:21]} e6 {[%clk
1:30:11]} 3. Bg2 {[%clk 1:31:45]} Bd6 {[%clk 1:29:57]} 4. O-O {[%clk 1:31:43]}
Nd7 {[%clk 1:29:34]} 5. c4 {[%clk 1:30:46]} c6 {[%clk 1:29:54]} 6. d4 {[%clk
1:30:18]} Ngf6 {[%clk 1:27:40]} 7. Qc2 {[%clk 1:30:32]} O-O {[%clk 1:27:08]} 8.
Rd1 {[%clk 1:30:12]} Ne4 {[%clk 1:25:39]} 9. Nfd2 {[%clk 1:28:52]} f5 {[%clk
1:24:52]} 10. Nc3 {[%clk 1:27:32]} Qf6 {[%clk 1:20:57]} 11. Ndxe4 {[%clk
1:27:11]} fxe4 {[%clk 1:19:19]} 12. Be3 {[%clk 1:26:30]} Bc7 {[%clk 1:15:01]} 13.
cxd5 {[%clk 1:25:55]} exd5 {[%clk 1:15:27]} 14. Nxd5 {[%clk 1:26:08]} cxd5 {[%clk
1:15:54]} 15. Qxc7 {[%clk 1:26:24]} Nb6 {[%clk 1:16:16]} 16. b3 {[%clk 1:25:53]}
Bg4 {[%clk 1:16:11]} 17. Qc2 {[%clk 1:26:09]} Rac8 {[%clk 1:13:13]} 18. Qd2
{[%clk 1:26:26]} Rc7 {[%clk 1:13:27]} 19. Rac1 {[%clk 1:25:30]} Rcf7 {[%clk
1:13:48]} 20. a4 {[%clk 1:21:18]} Qe6 {[%clk 1:13:27]} 21. Rc2 {[%clk 1:18:30]}
Nc8 {[%clk 1:10:15]} 22. Rdc1 {[%clk 1:14:29]} Nd6 {[%clk 1:05:46]} 23. Rc7
{[%clk 1:12:25]} Nc4 {[%clk 1:05:59]} 24. R7xc4 {[%clk 1:09:47]} dxc4 {[%clk
1:05:49]} 25. bxc4 {[%clk 1:10:05]} Rc8 {[%clk 1:03:06]} 26. d5 {[%clk 1:07:21]}
Qe8 {[%clk 1:01:05]} 27. h3 {[%clk 1:03:05]} Bf5 {[%clk 1:00:42]} 28. Qb4 {[%clk
1:01:43]} h5 {[%clk 0:57:38]} 29. a5 {[%clk 0:59:31]} a6 {[%clk 0:53:53]} 30. Bb6
{[%clk 0:57:01]} Rd7 {[%clk 0:51:20]} 31. Rd1 {[%clk 0:56:41]} Qg6 {[%clk
0:49:13]} 32. Rd4 {[%clk 0:56:29]} e3 {[%clk 0:49:03]} 33. Rf4 {[%clk 0:54:39]}
exf2+ {[%clk 0:48:01]} 34. Bxf2 {[%clk 0:54:58]} Re8 {[%clk 0:47:57]} 35. c5
{[%clk 0:48:02]} Rxe2 {[%clk 0:43:12]} 36. g4 {[%clk 0:45:54]} hxg4 {[%clk
0:37:18]} 37. hxg4 {[%clk 0:46:15]} Bd3 {[%clk 0:37:37]} 38. c6 {[%clk 0:45:52]}
Rd8 {[%clk 0:35:48]} 39. c7 {[%clk 0:44:31]} Rc8 {[%clk 0:35:35]} 40. d6 {[%clk
1:12:07]} Bb5 {[%clk 1:02:52]} 41. Bd5+ {[%clk 1:10:28]} Kh7 {[%clk 1:02:00]} 42.
Rf5 {[%clk 1:10:16]} Rd2 {[%clk 0:57:27]} 43. Rh5+ {[%clk 1:07:16]} 1-0

[Event "65+ World Senior Team Championship"]
[Site "chess24.com"]
[Date "2017.04.30"]
[Round "7"]
[White "Werner, Clemens"]
[Black "Watzka, Horst"]
[Result "1/2-1/2"]
[Board "1"]
[WhiteElo "2346"]
[WhiteTitle "FM"]
[WhiteCountry "GER"]
[WhiteFideId "4604636"]
[WhiteEloChange "-5"]
[BlackElo "2165"]
[BlackTitle "FM"]
[BlackCountry "AUT"]
[BlackFideId "1600311"]
[BlackEloChange "5"]

1. e4 {[%clk 1:30:47]} e5 {[%clk 1:30:30]} 2. Nf3 {[%clk 1:30:39]} Nc6 {[%clk
1:30:29]} 3. Bb5 {[%clk 1:30:03]} a6 {[%clk 1:30:34]} 4. Ba4 {[%clk 1:30:21]} Nf6
{[%clk 1:28:29]} 5. O-O {[%clk 1:30:22]} Be7 {[%clk 1:26:06]} 6. Re1 {[%clk
1:30:20]} b5 {[%clk 1:25:57]} 7. Bb3 {[%clk 1:30:43]} d6 {[%clk 1:26:17]} 8. c3
{[%clk 1:29:58]} O-O {[%clk 1:26:11]} 9. h3 {[%clk 1:30:10]} Nb8 {[%clk 1:21:53]}
10. d3 {[%clk 1:26:59]} c5 {[%clk 1:13:52]} 11. Nbd2 {[%clk 1:25:20]} Nbd7 {[%clk
1:07:08]} 12. Nf1 {[%clk 1:21:20]} Nb6 {[%clk 1:07:01]} 13. Ng3 {[%clk 1:19:46]}
c4 {[%clk 0:59:56]} 14. Bc2 {[%clk 1:19:29]} cxd3 {[%clk 0:59:50]} 15. Qxd3
{[%clk 1:18:03]} Be6 {[%clk 0:59:16]} 16. Bb3 {[%clk 1:08:35]} Nc4 {[%clk
0:57:06]} 17. Qe2 {[%clk 1:08:50]} h6 {[%clk 0:53:57]} 18. Bc2 {[%clk 1:02:56]}
Re8 {[%clk 0:53:11]} 19. Nh4 {[%clk 0:59:40]} Bf8 {[%clk 0:52:25]} 20. Nhf5
{[%clk 0:55:35]} Rc8 {[%clk 0:51:14]} 21. a4 {[%clk 0:50:52]} Rb8 {[%clk
0:43:56]} 22. axb5 {[%clk 0:47:46]} axb5 {[%clk 0:44:13]} 23. Qf3 {[%clk
0:46:38]} Kh8 {[%clk 0:42:55]} 24. Rd1 {[%clk 0:40:55]} Ng8 {[%clk 0:42:05]} 25.
Ra6 {[%clk 0:35:59]} g6 {[%clk 0:42:05]} 1/2-1/2

[Event "65+ World Senior Team Championship"]
[Site "chess24.com"]
[Date "2017.04.30"]
[Round "7"]
[White "Nickl, Klaus"]
[Black "Salov, Sergej"]
[Result "1/2-1/2"]
[Board "2"]
[WhiteElo "2045"]
[WhiteCountry "AUT"]
[WhiteFideId "1601024"]
[WhiteEloChange "4"]
[BlackElo "2190"]
[BlackTitle "IM"]
[BlackCountry "GER"]
[BlackFideId "4107926"]
[BlackEloChange "-4"]

1. d4 {[%clk 1:30:51]} Nf6 {[%clk 1:30:48]} 2. Nf3 {[%clk 1:31:10]} g6 {[%clk
1:30:52]} 3. Bf4 {[%clk 1:31:24]} Bg7 {[%clk 1:30:51]} 4. h3 {[%clk 1:31:41]} d6
{[%clk 1:30:36]} 5. e3 {[%clk 1:32:05]} O-O {[%clk 1:30:23]} 6. Nbd2 {[%clk
1:32:14]} Nbd7 {[%clk 1:30:04]} 7. Be2 {[%clk 1:32:14]} c5 {[%clk 1:30:07]} 8. c3
{[%clk 1:32:34]} b6 {[%clk 1:28:00]} 9. O-O {[%clk 1:32:49]} Bb7 {[%clk 1:28:21]}
10. a4 {[%clk 1:29:22]} a6 {[%clk 1:27:32]} 11. Bh2 {[%clk 1:28:43]} Ra7 {[%clk
1:24:05]} 12. Re1 {[%clk 1:26:16]} Qa8 {[%clk 1:19:48]} 13. Bf1 {[%clk 1:26:30]}
Bc6 {[%clk 1:11:43]} 14. Qb1 {[%clk 1:22:41]} Ne4 {[%clk 0:59:10]} 15. Qd1 {[%clk
1:17:22]} Nxd2 {[%clk 0:48:37]} 16. Nxd2 {[%clk 1:17:21]} b5 {[%clk 0:47:09]} 17.
axb5 {[%clk 1:00:47]} axb5 {[%clk 0:43:03]} 18. Rxa7 {[%clk 0:56:37]} Qxa7 {[%clk
0:43:22]} 19. Be2 {[%clk 0:56:52]} Rb8 {[%clk 0:35:21]} 20. Bf3 {[%clk 0:53:59]}
Bxf3 {[%clk 0:34:01]} 21. Nxf3 {[%clk 0:54:18]} b4 {[%clk 0:34:11]} 22. Qa1
{[%clk 0:49:40]} Qb7 {[%clk 0:24:49]} 23. Qa2 {[%clk 0:37:58]} b3 {[%clk
0:20:30]} 24. Qb1 {[%clk 0:38:06]} Ra8 {[%clk 0:19:01]} 25. Bf4 {[%clk 0:34:15]}
Ra4 {[%clk 0:14:48]} 26. Nd2 {[%clk 0:29:40]} e5 {[%clk 0:11:44]} 27. dxe5 {[%clk
0:29:56]} Nxe5 {[%clk 0:11:40]} 28. Bxe5 {[%clk 0:27:26]} Bxe5 {[%clk 0:11:21]}
29. f4 {[%clk 0:27:34]} Bg7 {[%clk 0:10:50]} 30. Qd3 {[%clk 0:25:33]} d5 {[%clk
0:08:29]} 31. e4 {[%clk 0:24:08]} dxe4 {[%clk 0:05:41]} 32. Rxe4 {[%clk 0:24:24]}
Rxe4 {[%clk 0:05:46]} 33. Qxe4 {[%clk 0:22:42]} Qd7 {[%clk 0:05:12]} 34. Qe2
{[%clk 0:20:39]} Qd5 {[%clk 0:04:22]} 35. Qe8+ {[%clk 0:18:36]} Bf8 {[%clk
0:04:44]} 36. Ne4 {[%clk 0:18:23]} Qf5 {[%clk 0:03:09]} 37. Qe5 {[%clk 0:17:34]}
Bg7 {[%clk 0:02:58]} 38. Qxf5 {[%clk 0:16:00]} gxf5 {[%clk 0:03:27]} 39. Nd2
{[%clk 0:15:55]} Bh6 {[%clk 0:02:48]} 40. g3 {[%clk 0:46:15]} Bf8 {[%clk
0:32:46]} 41. Nxb3 {[%clk 0:46:36]} Kg7 {[%clk 0:33:15]} 42. Kf2 {[%clk 0:45:57]}
Kf6 {[%clk 0:33:34]} 43. Ke2 {[%clk 0:46:00]} Ke6 {[%clk 0:33:57]} 44. Kd3 {[%clk
0:46:15]} Kd5 {[%clk 0:34:24]} 45. Nd2 {[%clk 0:46:30]} Bd6 {[%clk 0:34:31]} 46.
Nc4 {[%clk 0:46:52]} Bc7 {[%clk 0:34:55]} 47. Ne3+ {[%clk 0:47:19]} Ke6 {[%clk
0:35:13]} 48. Kc4 {[%clk 0:47:46]} Bb8 {[%clk 0:34:25]} 49. Kb5 {[%clk 0:46:51]}
h5 {[%clk 0:33:40]} 50. h4 {[%clk 0:47:14]} Bd6 {[%clk 0:33:12]} 51. Kc6 {[%clk
0:47:01]} Bf8 {[%clk 0:33:18]} 52. c4 {[%clk 0:46:57]} Bg7 {[%clk 0:33:20]} 53.
Kxc5 {[%clk 0:46:16]} Bxb2 {[%clk 0:33:43]} 54. Kc6 {[%clk 0:46:15]} Bd4 {[%clk
0:33:26]} 55. Nf1 {[%clk 0:45:41]} Bf2 {[%clk 0:33:29]} 56. c5 {[%clk 0:45:23]}
f6 {[%clk 0:33:20]} 1/2-1/2

[Event "65+ World Senior Team Championship"]
[Site "chess24.com"]
[Date "2017.04.30"]
[Round "7"]
[White "Baum, Bernd, Dr."]
[Black "Kratschmer, Heinz"]
[Result "1/2-1/2"]
[Board "3"]
[WhiteElo "2226"]
[WhiteTitle "FM"]
[WhiteCountry "GER"]
[WhiteFideId "4611853"]
[WhiteEloChange "-6"]
[BlackElo "2003"]
[BlackCountry "AUT"]
[BlackFideId "1606670"]
[BlackEloChange "6"]

1. c4 {[%clk 1:30:47]} e5 {[%clk 1:30:53]} 2. g3 {[%clk 1:26:37]} Nf6 {[%clk
1:31:12]} 3. Bg2 {[%clk 1:27:04]} d5 {[%clk 1:31:33]} 4. cxd5 {[%clk 1:27:18]}
Nxd5 {[%clk 1:31:56]} 5. Nc3 {[%clk 1:25:58]} Nb6 {[%clk 1:32:14]} 6. Nf3 {[%clk
1:25:09]} Nc6 {[%clk 1:32:38]} 7. O-O {[%clk 1:25:29]} Be7 {[%clk 1:33:03]} 8. d3
{[%clk 1:23:49]} O-O {[%clk 1:33:16]} 9. Be3 {[%clk 1:22:39]} Be6 {[%clk
1:32:38]} 10. a3 {[%clk 1:21:53]} f5 {[%clk 1:29:12]} 11. Rc1 {[%clk 1:13:58]}
Bf6 {[%clk 1:24:33]} 12. Na4 {[%clk 1:11:08]} Nxa4 {[%clk 1:24:55]} 13. Qxa4
{[%clk 1:11:35]} Nd4 {[%clk 1:20:28]} 14. Nxd4 {[%clk 1:06:57]} exd4 {[%clk
1:20:48]} 15. Bf4 {[%clk 1:06:24]} c6 {[%clk 1:21:03]} 16. b4 {[%clk 0:58:44]}
Bd5 {[%clk 1:18:35]} 17. Bxd5+ {[%clk 0:54:43]} Qxd5 {[%clk 1:18:55]} 18. Rc5
{[%clk 0:53:44]} Qe6 {[%clk 1:13:30]} 19. Qc2 {[%clk 0:53:14]} a6 {[%clk
1:08:59]} 20. Qc4 {[%clk 0:49:36]} Qxc4 {[%clk 1:09:14]} 21. Rxc4 {[%clk
0:49:40]} Rfe8 {[%clk 1:07:42]} 22. Rc2 {[%clk 0:46:54]} Re6 {[%clk 1:07:05]} 23.
Rb1 {[%clk 0:47:20]} Rae8 {[%clk 1:06:38]} 24. Kf1 {[%clk 0:47:46]} Be5 {[%clk
1:05:39]} 25. Bxe5 {[%clk 0:44:56]} Rxe5 {[%clk 1:06:03]} 26. Rbb2 {[%clk
0:45:00]} Kf7 {[%clk 1:03:07]} 27. Rc4 {[%clk 0:41:26]} Rd5 {[%clk 1:02:22]} 28.
Rbc2 {[%clk 0:37:49]} Red8 {[%clk 0:55:37]} 29. Rc5 {[%clk 0:36:30]} Ke6 {[%clk
0:55:20]} 30. Ke1 {[%clk 0:35:50]} g5 {[%clk 0:55:04]} 31. Kd2 {[%clk 0:34:24]}
1/2-1/2

[Event "65+ World Senior Team Championship"]
[Site "chess24.com"]
[Date "2017.04.30"]
[Round "7"]
[White "Nordstrom, Felix"]
[Black "Stebbings, Anthony J"]
[Result "1/2-1/2"]
[Board "1"]
[WhiteElo "2139"]
[WhiteTitle "FM"]
[WhiteCountry "SWE"]
[WhiteFideId "1701509"]
[WhiteEloChange "4"]
[BlackElo "2294"]
[BlackTitle "FM"]
[BlackCountry "ENG"]
[BlackFideId "402427"]
[BlackEloChange "-4"]

1. d4 {[%clk 1:30:57]} Nf6 {[%clk 1:30:56]} 2. c4 {[%clk 1:31:20]} e6 {[%clk
1:31:22]} 3. Nc3 {[%clk 1:31:45]} Bb4 {[%clk 1:31:48]} 4. Qc2 {[%clk 1:31:48]} b6
{[%clk 1:32:12]} 5. e4 {[%clk 1:31:14]} c5 {[%clk 1:32:35]} 6. d5 {[%clk
1:27:49]} Qe7 {[%clk 1:32:30]} 7. Be2 {[%clk 1:18:53]} d6 {[%clk 1:32:46]} 8. Bd2
{[%clk 1:11:21]} exd5 {[%clk 1:28:50]} 9. exd5 {[%clk 1:10:08]} O-O {[%clk
1:26:51]} 10. O-O-O {[%clk 1:03:22]} Re8 {[%clk 1:18:18]} 11. Bd3 {[%clk
0:57:52]} Bxc3 {[%clk 1:09:51]} 12. Bxc3 {[%clk 0:55:35]} Nbd7 {[%clk 1:00:37]}
13. Nf3 {[%clk 0:53:10]} Bb7 {[%clk 1:00:40]} 14. Rhe1 {[%clk 0:52:09]} Qf8
{[%clk 1:00:54]} 15. g4 {[%clk 0:48:01]} h6 {[%clk 0:56:09]} 16. h3 {[%clk
0:44:34]} Rxe1 {[%clk 0:56:12]} 17. Rxe1 {[%clk 0:44:53]} Re8 {[%clk 0:56:33]}
18. Rxe8 {[%clk 0:41:24]} Qxe8 {[%clk 0:56:17]} 19. a4 {[%clk 0:36:32]} Qe7
{[%clk 0:54:14]} 20. Kd1 {[%clk 0:32:34]} Ne8 {[%clk 0:48:46]} 21. Qe2 {[%clk
0:32:02]} Qxe2+ {[%clk 0:48:59]} 1/2-1/2

[Event "65+ World Senior Team Championship"]
[Site "chess24.com"]
[Date "2017.04.30"]
[Round "7"]
[White "Quinn, John M"]
[Black "Carlsson, Ingvar"]
[Result "1/2-1/2"]
[Board "2"]
[WhiteElo "2176"]
[WhiteCountry "ENG"]
[WhiteFideId "405043"]
[WhiteEloChange "-1"]
[BlackElo "2130"]
[BlackCountry "SWE"]
[BlackFideId "1702670"]
[BlackEloChange "1"]

1. d4 {[%clk 1:30:57]} Nf6 {[%clk 1:30:45]} 2. c4 {[%clk 1:31:23]} g6 {[%clk
1:31:08]} 3. Nc3 {[%clk 1:31:49]} d5 {[%clk 1:31:31]} 4. Nf3 {[%clk 1:32:13]} Bg7
{[%clk 1:31:47]} 5. Qb3 {[%clk 1:32:37]} dxc4 {[%clk 1:31:59]} 6. Qxc4 {[%clk
1:33:03]} O-O {[%clk 1:31:50]} 7. e4 {[%clk 1:33:30]} Bg4 {[%clk 1:31:37]} 8. Be3
{[%clk 1:25:36]} Nfd7 {[%clk 1:31:42]} 9. Rd1 {[%clk 1:19:09]} Nb6 {[%clk
1:30:24]} 10. Qb3 {[%clk 1:17:10]} e6 {[%clk 1:22:56]} 11. Be2 {[%clk 1:11:24]}
Qe7 {[%clk 1:21:54]} 12. e5 {[%clk 1:07:04]} Nc6 {[%clk 1:17:31]} 13. h3 {[%clk
0:57:31]} Bxf3 {[%clk 1:17:53]} 14. Bxf3 {[%clk 0:57:57]} Na5 {[%clk 1:05:23]}
15. Qb5 {[%clk 0:44:18]} Nac4 {[%clk 0:40:44]} 16. O-O {[%clk 0:42:59]} c6 {[%clk
0:32:09]} 17. Qb3 {[%clk 0:42:52]} Nxe3 {[%clk 0:23:59]} 18. fxe3 {[%clk
0:43:17]} Nd5 {[%clk 0:19:53]} 19. Bxd5 {[%clk 0:36:13]} cxd5 {[%clk 0:15:06]}
20. e4 {[%clk 0:33:36]} dxe4 {[%clk 0:12:17]} 21. Nxe4 {[%clk 0:34:00]} Qh4
{[%clk 0:09:59]} 22. Nd6 {[%clk 0:24:43]} b6 {[%clk 0:05:44]} 23. Kh2 {[%clk
0:20:19]} Rad8 {[%clk 0:05:02]} 24. Rf3 {[%clk 0:17:01]} Qe7 {[%clk 0:05:23]} 25.
g3 {[%clk 0:12:47]} f6 {[%clk 0:05:07]} 1/2-1/2

[Event "65+ World Senior Team Championship"]
[Site "chess24.com"]
[Date "2017.04.30"]
[Round "7"]
[White "Wademark, Helge"]
[Black "Ashby, Anthony C"]
[Result "1/2-1/2"]
[Board "3"]
[WhiteElo "2037"]
[WhiteCountry "SWE"]
[WhiteFideId "1701606"]
[WhiteEloChange "1"]
[BlackElo "2080"]
[BlackTitle "CM"]
[BlackCountry "ENG"]
[BlackFideId "405302"]
[BlackEloChange "-1"]

1. e4 {[%clk 1:30:56]} e6 {[%clk 1:30:40]} 2. d4 {[%clk 1:31:21]} d5 {[%clk
1:31:04]} 3. Nd2 {[%clk 1:31:46]} h6 {[%clk 1:30:44]} 4. c3 {[%clk 1:29:54]} Nf6
{[%clk 1:28:41]} 5. e5 {[%clk 1:27:23]} Nfd7 {[%clk 1:29:06]} 6. Bd3 {[%clk
1:23:47]} c5 {[%clk 1:29:13]} 7. Ne2 {[%clk 1:22:50]} Nc6 {[%clk 1:28:52]} 8. O-O
{[%clk 1:18:41]} Be7 {[%clk 1:21:41]} 9. Nf3 {[%clk 1:12:11]} Qb6 {[%clk
1:14:30]} 10. b3 {[%clk 1:08:25]} g5 {[%clk 1:06:52]} 11. Be3 {[%clk 1:06:56]}
Nf8 {[%clk 0:50:58]} 12. Ne1 {[%clk 0:58:22]} Bd7 {[%clk 0:47:14]} 13. Nc2 {[%clk
0:56:58]} cxd4 {[%clk 0:40:26]} 14. cxd4 {[%clk 0:57:09]} Ng6 {[%clk 0:35:35]}
15. Qd2 {[%clk 0:57:15]} Nh4 {[%clk 0:34:30]} 16. Kh1 {[%clk 0:49:20]} Nb4 {[%clk
0:30:16]} 17. Nxb4 {[%clk 0:47:35]} Bxb4 {[%clk 0:30:36]} 18. Qc2 {[%clk
0:47:45]} Nf5 {[%clk 0:28:50]} 19. a3 {[%clk 0:39:25]} Rc8 {[%clk 0:27:37]} 20.
Qb2 {[%clk 0:39:30]} Be7 {[%clk 0:27:50]} 21. Nc3 {[%clk 0:29:44]} Bc6 {[%clk
0:24:14]} 22. Ne2 {[%clk 0:27:27]} Bb5 {[%clk 0:16:15]} 23. Bxb5+ {[%clk
0:24:37]} Qxb5 {[%clk 0:16:41]} 24. b4 {[%clk 0:19:31]} O-O {[%clk 0:16:48]} 25.
Qd2 {[%clk 0:18:52]} f6 {[%clk 0:15:12]} 1/2-1/2